Представление документа в формате MARC21

Поле Инд. ПП Название Значение
Тип записи a
Библиографический уровень m
001 Контрольный номер RU/LIBMSTU/411467302
005 Дата корректировки 20160127120607.6
008 Кодируемые данные 130131|||||||||ru |||||||||||000|||rus||
020 a ISBN 978-5-9916-2255-4
040 b Код языка каталог. rus
041 0_ a Код языка текста rus
084 a Индекс другой классификации/Индекс ББК 67.400.7я7
090 a Полочн. индекс 67.400
x Авторский знак М 90
245 10 a Заглавие Муниципальное право России
b Продолж. заглавия учеб. для бакалавров : [углубленный курс
c Ответственность Захаров И. В. и др.] ; под ред. А. Н. Кокотова ; Урал. гос. юрид. акад.
250 a Основные сведения об издании 3-е изд., перераб. и доп.
260 a Место издания Москва
b Издательство Юрайт
c Дата издания 2013
300 a Объем 559 с.
440 _0 a Серия Бакалавр. Углубленный курс
500 a Примечание Авт. указаны на обороте тит. л.
504 a Библиография Библиогр.: с. 558-559
650 04 a Основная рубрика Муниципальное право России-Учебные издания для высших учебных заведений-Бакалавриат
653 0_ a Ключевые слова Власть муниципальная; История местного самоуправления; Самоуправление местное; Самоуправление общественное; Собственность муниципальная; Сотрудничество международное; Финансы местного самоуправления
700 12 a Другие авторы Кокотов А. Н.
e Роль лиц ред.
901 t Тип документа m
952 b Гриф литературы для ВШ Допущено УМО по юридическому образованию вузов РФ
c Вид литературы учебник